Теоретическая механика: учебное пособие по профессиональному английскому языку
| Autor principal: | |
|---|---|
| Altres autors: | , |
| Sumari: | Заглавие с титульного экрана Электронная версия печатной публикации Режим доступа: из сети НТБ ТПУ |
| Idioma: | anglès rus |
| Publicat: |
Томск, Изд-во ТПУ, 2006
|
| Matèries: | |
| Accés en línia: | http://www.lib.tpu.ru/fulltext3/m/2008/m13.pdf |
| Format: | MixedMaterials Electrònic Llibre |
| KOHA link: | https://koha.lib.tpu.ru/cgi-bin/koha/opac-detail.pl?biblionumber=134665 |
MARC
| LEADER | 00000nlm0a2200000 4500 | ||
|---|---|---|---|
| 001 | 134665 | ||
| 005 | 20240117143741.0 | ||
| 035 | |a (RuTPU)RU\TPU\book\145971 | ||
| 090 | |a 134665 | ||
| 100 | |a 20080402d2006 m y0rusy50 ca | ||
| 101 | 0 | |a eng |a rus | |
| 102 | |a RU | ||
| 105 | |a y j 000zy | ||
| 135 | |a vrcn ---uucaa | ||
| 181 | 0 | |a i | |
| 182 | 0 | |a b | |
| 200 | 1 | |a Теоретическая механика |e учебное пособие по профессиональному английскому языку |f О. М. Березовская, Л. М. Болсуновская, В. М. Замятин | |
| 203 | |a Текст |c электронный | ||
| 210 | |a Томск |c Изд-во ТПУ |d 2006 | ||
| 300 | |a Заглавие с титульного экрана | ||
| 300 | |a Электронная версия печатной публикации | ||
| 333 | |a Режим доступа: из сети НТБ ТПУ | ||
| 337 | |a Adobe Reader | ||
| 610 | 1 | |a английский язык | |
| 610 | 1 | |a теоретическая механика | |
| 610 | 1 | |a учебные пособия | |
| 610 | 1 | |a обучение | |
| 610 | 1 | |a труды учёных ТПУ | |
| 610 | 1 | |a электронный ресурс | |
| 675 | |a 531(075.8) |v 3 | ||
| 700 | 1 | |a Березовская |b О. М. |c лингвист |c старший преподаватель Томского политехнического университета |f 1978- |g Ольга Михайловна |3 (RuTPU)RU\TPU\pers\25990 |4 070 |9 11839 | |
| 701 | 1 | |a Болсуновская |b Л. М. |c лингвист |c доцент Томского политехнического университета, кандидат филологических наук |f 1966- |g Людмила Михайловна |3 (RuTPU)RU\TPU\pers\26830 |4 070 |9 12449 | |
| 701 | 1 | |a Замятин |b В. М. |c доцент, кандидат технических наук |c кафедра теоретической механики и сопротивления материалов МСФ Томского политехнического университета |f 1951- |g Владимир Маркович |3 (RuTPU)RU\TPU\pers\24227 |4 070 | |
| 801 | 1 | |a RU |b 63413507 |c 20080402 |g PSBO | |
| 801 | 2 | |a RU |b 63413507 |c 20140114 |g PSBO | |
| 856 | 4 | |u http://www.lib.tpu.ru/fulltext3/m/2008/m13.pdf | |
| 942 | |c CF | ||